000 00219nam a22001097a 4500
041 _aeng
080 _a80
100 _aViney, P., Viney, K.
245 _aOnly in America , AB.
650 _aVideo Course
999 _c277882
_d277882
942 _cBK